LEADER 01155nam1 2200361 450 001 990000545240203316 035 $a0054524 035 $aUSA010054524 035 $a(ALEPH)000054524USA01 035 $a0054524 100 $a20010705d1992----km-y0itay0103----ba 101 $aita 102 $aIT 105 $a||||||||001yy 200 1 $a<> disavanzo pubblico in Italia$enatura strutturale e politiche di rientro$fa cura dell'Ente per gli studi monetari, bancari e finanziari "Luigi Einaudi" 210 $aBologna$cIl mulino$d1992 215 $a2 v.$d21 cm 225 2 $aTemi e discussioni 410 $12001$aTemi e discussioni 606 0 $aDebito pubblico$yItalia 606 0 $aFinanza pubblica$yItalia 676 $a336.34 712 02$aEnte per gli studi monetari bancari e finanziri "Luigi Einaudi" 801 0$aIT$bsalbc$gISBD 912 $a990000545240203316 951 $aCOLL. FK 44$bEC$cCOLL. FK 959 $aBK 969 $aECO 979 $aPATTY$b90$c20010705$lUSA01$h1024 979 $c20020403$lUSA01$h1703 979 $aPATRY$b90$c20040406$lUSA01$h1638 996 $aDisavanzo pubblico in Italia$956106 997 $aUNISA LEADER 00989nam0 22002651i 450 001 SUN0015592 005 20060113120000.0 010 $a88-8490-349-1 100 $a20040416d2003 |0itac50 ba 101 $aita 102 $aIT 105 $a|||| ||||| 200 1 $aCapaci di sognare$eriflessioni sul nuovo pacifismo$fClaudio Martini 210 $aMilano$cBaldini & Castoldi$dc2003 215 $a303 p.$d22 cm. 606 $aPacifismo$2FI$3SUNC008071 620 $dMilano$3SUNL000284 700 1$aMartini$b, Claudio$3SUNV011294$0729601 712 $aBaldini & Castoldi$3SUNV000371$4650 801 $aIT$bSOL$c20181109$gRICA 912 $aSUN0015592 950 $aUFFICIO DI BIBLIOTECA DEL DIPARTIMENTO DI GIURISPRUDENZA$d00 CONS XXI.Eb.45 $e00 25318 995 $aUFFICIO DI BIBLIOTECA DEL DIPARTIMENTO DI GIURISPRUDENZA$h25318$kCONS XXI.Eb.45$op$qa 996 $aCapaci di sognare$91429591 997 $aUNICAMPANIA